Más democracia, menos liberalismo

Saved in:
Bibliografiske detaljer
Hovedforfatter: Sánchez-Cuenca, Ignacio (Author)
Format: Bog
Sprog:spansk
Udgivet: Buenos Aires Katz 2010
Udgivelse:1a. ed
Serier:Discusiones, 2027
Fag:
Tags: Tilføj Tag
Ingen Tags, Vær først til at tagge denne postø!

MARC

LEADER 00000cam a2200000 a 4500
001 UCD8803
003 CL-VaPUC
008 170527e20100000ag |||||||||||||||||spa|d
020 |a 9789871566167 
082 0 4 |a 321.4  |b SAN  |2 21 
100 0 |a Sánchez-Cuenca, Ignacio  |e author  |9 592320 
245 1 0 |a Más democracia, menos liberalismo 
250 |a 1a. ed 
300 |a 203 p 
942 |c BK 
945 |d 20170527 00:32:00  |a dcastane 
260 |a Buenos Aires  |b Katz  |c 2010 
650 0 |a Democracia  |9 255256 
650 7 |a SISTEMAS POLITICOS  |2 CL-VaPUC  |9 592321 
650 0 |a Poder político  |9 255509 
650 0 |a Liberalismo  |9 255715 
583 |a last modification  |c 20170527 00:32:00  |k Rodrigo Vera 
490 0 |a Discusiones, 2027 
999 |c 368111  |d 368109 
952 |0 0  |1 0  |3 erb  |4 0  |6 321_400000000000000_SAN_2010  |7 0  |8 A  |9 483370  |a BIBEDU  |b BIBEDU  |i 5377692  |o 321.4 SAN 2010  |p 5377692  |r 2019-11-24  |w 2019-11-24  |y BK  |z Catalogado en:20170527  |k FIL